000 00722cam a22001694a 4500
005 20250605164348.0
008 250528s ||||||||||||||||||||||||d
035 _a24050
040 _aGR-AtMCL
_bgre
_dGR-AtMCL
_eAACR2
245 1 _aBurgmaier Takes a Hybrid Approach to Innovation with SLM Solutions
260 _c2021
520 _aBest of Both Worlds, Going for Gold, Introducing 4D Biomaterials, A Real Difference, Preserving the Cradle of Civilisation, Automation and Error Detection in Am, A Long and Winding Road, Making Skills Sustainable, TCT 3Sxity Review, Formnext Preview, Lithoz at 10, Additive Insight Round-Up.
700 1 _aGriffiths Laura
_99377
942 _cCR
999 _c8951
_d8951